| 000 | 00559nam a22001697a 4500 | ||
|---|---|---|---|
| 005 | 20251108171937.0 | ||
| 008 | 250721s1991 xx 000 0 ara d | ||
| 082 | 1 | 4 | _aط/538/مغن |
| 245 | 1 | 0 | _aالمغناطيسية / |
| 264 | 1 |
_aالقاهرة : _bالدار الدولية للنشر و التوزيع، _c1991. |
|
| 300 | _a32ص | ||
| 490 | 0 | _aسلسلة العالم الصغير | |
| 650 | 1 | 7 | _aالمغناطيسية |
| 710 | 2 |
_aقسم الترجمة و النشر بالدار الدولية _eإعداد |
|
| 942 |
_2ddc _cBK |
||
| 999 |
_c66516 _d66516 |
||